00330nam a2200121Ia 4500008004100000041000800041082001600049100001500065245003600080260005000116300003100166365001100197240624s9999 xx 000 0 und d aeng a332.042 BHA aBHALLA V K aINTERNATIONAL FINANCIAL MARKETS c2010aNew DelhibAnmol Publications Pvt. Ltd. axvi, : 718 : p. : cm. ; 24 cRSb20